00786nam a2200217Ia 4500003000900000008004100009020001800050040001600068080001500084100002600099245013200125260004800257300001500305650002200320650002000342650002100362650002800383942000700411999001700418952013300435IN-BaIIA211028s9999 xx 000 0 eng d a0-521-37165-1 cIIA Library a92:52bKIL aKilmister, C. W96123 0aEddington's search for a fundamental theoryba key to the universecC. W Kilmister  aCambridgebCambridge University Pressc1994 axii, 256p. aAstrophysics9794 aBiography91224 aEddington920768 aRelativity theory99895 cBK c11939d11939 00104070aBANbBANcGENd1996-10-31eRRS g2103.75l0o92:52/ KILp12855r2021-11-05v2103.75w1996-10-31yBKGRs. 2103.75